000
00316nam a2200109Ia 4500
008
200302s9999 xx 000 0 und d
100
_a
Jon Lang
245
_a
Creating architectural theory the role of the behavioral sciences in environmental design
260
_b
Van Nostrand Reinhold
260
_c
1987
300
_a
278
999
_c
7354
_d
7354